Normal view
MARC view
Entry Personal Name
001 - CONTROL NUMBER
- control field: 2657
003 - CONTROL NUMBER IDENTIFIER
- control field: BD-RjUL
005 - DATE AND TIME OF LATEST TRANSACTION
- control field: 20220421152338.0
008 - FIXED-LENGTH DATA ELEMENTS
- fixed length control field: 220421|| aca||aabn | a|a d
040 ## - CATALOGING SOURCE
- Original cataloging agency: BD-RjUL
- Transcribing agency: BD-RjUL
100 ## - HEADING--PERSONAL NAME
- Geographic subdivision:
670 ## - SOURCE DATA FOUND
- Source citation: Work cat.: (BD-RjUL)79510: Mahmuda, Mst. Hadikatul Jannat Al 1734, Determinants of Demand for And Supply of Money in Bangladesh /, 2011